<?xml version="1.0" encoding="UTF-8"?>
<record
    xmlns:xsi="http://www.w3.org/2001/XMLSchema-instance"
    xsi:schemaLocation="http://www.loc.gov/MARC21/slim http://www.loc.gov/standards/marcxml/schema/MARC21slim.xsd"
    xmlns="http://www.loc.gov/MARC21/slim">

  <leader>01627nam a2200301uu 4500</leader>
  <controlfield tag="001">1425173</controlfield>
  <controlfield tag="005">20260508090151.0</controlfield>
  <controlfield tag="008">151023s2014                        spa  </controlfield>
  <datafield tag="020" ind1=" " ind2=" ">
    <subfield code="a">9788494268502</subfield>
  </datafield>
  <datafield tag="035" ind1=" " ind2=" ">
    <subfield code="a">1425173</subfield>
  </datafield>
  <datafield tag="040" ind1=" " ind2=" ">
    <subfield code="c">comduadb</subfield>
  </datafield>
  <datafield tag="041" ind1=" " ind2=" ">
    <subfield code="a">spa</subfield>
  </datafield>
  <datafield tag="082" ind1=" " ind2="4">
    <subfield code="a">844</subfield>
  </datafield>
  <datafield tag="100" ind1="1" ind2="0">
    <subfield code="a">Baudelaire, Charles,</subfield>
    <subfield code="d">1821-1867</subfield>
    <subfield code="4">aut</subfield>
    <subfield code="0">(isni)0000000121221863</subfield>
    <subfield code="0">(viaf)17218730</subfield>
    <subfield code="e">aut</subfield>
    <subfield code="9">470370</subfield>
  </datafield>
  <datafield tag="245" ind1="1" ind2="0">
    <subfield code="a">Pobre B&#xE9;lgica</subfield>
  </datafield>
  <datafield tag="250" ind1=" " ind2=" ">
    <subfield code="a">1. edici&#xF3;n</subfield>
  </datafield>
  <datafield tag="260" ind1=" " ind2=" ">
    <subfield code="a">Valparaiso :</subfield>
    <subfield code="b">Valpara&#xED;so Ediciones,</subfield>
    <subfield code="c">2014.</subfield>
  </datafield>
  <datafield tag="300" ind1=" " ind2=" ">
    <subfield code="a">284 p&#xE1;ginas</subfield>
  </datafield>
  <datafield tag="490" ind1="0" ind2=" ">
    <subfield code="a">Colecci&#xF3;n Valpara&#xED;so de narrativa</subfield>
  </datafield>
  <datafield tag="520" ind1="3" ind2=" ">
    <subfield code="a">"Charles Baudelaire mantuvo en sus dos &#xFA;ltimos a&#xF1;os de vida la esperanza de publicar una obra cr&#xED;tica sobre el car&#xE1;cter y las costumbres belgas de la segunda mitad del siglo XIX, un trabajo que la muerte le impidi&#xF3; acabar. No se trataba s&#xF3;lo de una s&#xE1;tira de valones y flamencos, iba a ser, como dej&#xF3; escrito en sus notas, un espejo deformador de los propios vicios de la sociedad francesa. El pr&#xED;ncipe de los poetas asegur&#xF3; al editor Michel L&#xE9;vy que Pauvre Belgique era el m&#xE1;s ambicioso de sus proyectos, un libro "diferente a todo" en el que pretend&#xED;a mostrar lo que hubiera sido Francia de haber permanecido en manos de la burgues&#xED;a."</subfield>
  </datafield>
  <datafield tag="650" ind1=" " ind2="7">
    <subfield code="a">Ensayos franceses</subfield>
    <subfield code="2">lemb</subfield>
    <subfield code="9">7145</subfield>
  </datafield>
  <datafield tag="650" ind1=" " ind2=" ">
    <subfield code="a">Literatura francesa - Ensayos</subfield>
    <subfield code="9">9938</subfield>
  </datafield>
  <datafield tag="650" ind1=" " ind2="7">
    <subfield code="a">Literatura francesa</subfield>
    <subfield code="2">lemb</subfield>
    <subfield code="9">40812</subfield>
  </datafield>
  <datafield tag="650" ind1=" " ind2=" ">
    <subfield code="a">Baudelaire, Charles Pierre, 1821-1867 - Colecciones de escritos</subfield>
    <subfield code="9">219724</subfield>
  </datafield>
  <datafield tag="700" ind1="1" ind2="0">
    <subfield code="a">L&#xF3;pez Mart&#xED;nez, Pablo M.</subfield>
    <subfield code="4">aui</subfield>
    <subfield code="e">aui</subfield>
    <subfield code="9">749969</subfield>
  </datafield>
  <datafield tag="700" ind1="1" ind2="0">
    <subfield code="a">Sanchez, Marie-Ange</subfield>
    <subfield code="4">aui</subfield>
    <subfield code="e">aui</subfield>
    <subfield code="9">730894</subfield>
  </datafield>
  <datafield tag="942" ind1=" " ind2=" ">
    <subfield code="c">BOOK</subfield>
  </datafield>
  <datafield tag="999" ind1=" " ind2=" ">
    <subfield code="c">729201</subfield>
    <subfield code="d">729201</subfield>
  </datafield>
  <datafield tag="952" ind1=" " ind2=" ">
    <subfield code="0">0</subfield>
    <subfield code="1">0</subfield>
    <subfield code="4">0</subfield>
    <subfield code="7">0</subfield>
    <subfield code="8">GEN</subfield>
    <subfield code="a">BC</subfield>
    <subfield code="b">BC</subfield>
    <subfield code="d">2015-10-23</subfield>
    <subfield code="e">El Profesional</subfield>
    <subfield code="g">55250.00</subfield>
    <subfield code="i">C1235105</subfield>
    <subfield code="l">1</subfield>
    <subfield code="o">844 B338po</subfield>
    <subfield code="p">1032871</subfield>
    <subfield code="r">2025-07-18 19:54:01</subfield>
    <subfield code="s">2025-07-13</subfield>
    <subfield code="t">1</subfield>
    <subfield code="w">2023-05-03</subfield>
    <subfield code="y">BOOK</subfield>
  </datafield>
</record>
